[Event "Spiltan & Pelaro IM 2006"]
[Site "?"]
[Date "2006.06.10"]
[Round "1"]
[White "Langrock, Hannes"]
[Black "Svensson, Bengt"]
[Result "1/2-1/2"]
[WhiteElo "2413"]
[BlackElo "2388"]
[PlyCount "33"]
[EventDate "2006.??.??"]

1. b3 e5 2. Bb2 Nc6 3. e3 d5 4. Bb5 Bd6 5. Nf3 Qe7 6. c4 dxc4 7. bxc4 Nf6 8. c5
Bxc5 9. Nxe5 O-O 10. Nxc6 bxc6 11. Be2 Rb8 12. Qc2 Qe4 13. Qxe4 Nxe4 14. Be5
Bd6 15. Bxd6 cxd6 16. d3 Nf6 17. Nc3 1/2-1/2

[Event "Spiltan & Pelaro IM 2006"]
[Site "?"]
[Date "2006.06.10"]
[Round "1"]
[White "Sagit, Rauan"]
[Black "Ask, Josef"]
[Result "1-0"]
[WhiteElo "2265"]
[BlackElo "2260"]
[PlyCount "69"]
[EventDate "2006.??.??"]

1. e4 e5 2. Nf3 Nc6 3. Bb5 a6 4. Ba4 Nf6 5. O-O b5 6. Bb3 Be7 7. a4 Bb7 8. d3
d6 9. Nc3 b4 10. Nd5 Nxd5 11. exd5 Na5 12. Ba2 c6 13. c3 bxc3 14. b4 cxd5 15.
bxa5 Qxa5 16. Re1 O-O 17. Qc2 Bf6 18. h3 d4 19. Nh2 Qc5 20. Ba3 Qc6 21. Re4 Bg5
22. Rg4 Bf4 23. Nf3 Kh8 24. Rb1 Bh6 25. a5 Rad8 26. Rb6 Qc7 27. Ng5 Bc8 28. Rg3
Bxg5 29. Rxg5 Rfe8 30. Bd5 f5 31. h4 Qe7 32. Qa4 h6 33. Rg6 Qxh4 34. Rbxd6 Qh5
35. Bf7 1-0

[Event "Spiltan & Pelaro IM 2006"]
[Site "?"]
[Date "2006.06.10"]
[Round "1"]
[White "Moberg, Karl Johan"]
[Black "Syskov, Vjatjeslav"]
[Result "1/2-1/2"]
[WhiteElo "2336"]
[BlackElo "2240"]
[PlyCount "42"]
[EventDate "2006.??.??"]

1. d4 Nf6 2. c4 e6 3. Nf3 b6 4. e3 Bb4+ 5. Nbd2 Bb7 6. Bd3 O-O 7. O-O c5 8.
dxc5 Bxc5 9. a3 d5 10. b4 Be7 11. Bb2 Nbd7 12. Qb1 h6 13. Rd1 Rc8 14. Qa2 Rc7
15. Rac1 Qa8 16. Qa1 Rfc8 17. cxd5 Rxc1 18. Rxc1 Rxc1+ 19. Qxc1 Nxd5 20. Nd4 a6
21. Nc4 Qb8 1/2-1/2

[Event "Spiltan & Pelaro IM 2006"]
[Site "?"]
[Date "2006.06.10"]
[Round "1"]
[White "Westerinen, Heikki"]
[Black "Kasparov, Sergey"]
[Result "1/2-1/2"]
[WhiteElo "2386"]
[BlackElo "2481"]
[PlyCount "66"]
[EventDate "2006.??.??"]

1. e4 c6 2. d4 d5 3. e5 Bf5 4. Nf3 e6 5. a3 Nd7 6. Be2 Bg6 7. O-O Ne7 8. Nbd2
Qc7 9. b4 Nc8 10. c4 dxc4 11. Nxc4 Ncb6 12. Ne3 Be7 13. Bb2 Nd5 14. Nxd5 cxd5
15. Rc1 Qd8 16. Nd2 O-O 17. Nb3 Nb6 18. Nc5 Rb8 19. a4 Nc4 20. Bxc4 dxc4 21.
Rxc4 Qd5 22. Qe2 Rfc8 23. Rfc1 Rc7 24. Nb3 Rxc4 25. Qxc4 Qxc4 26. Rxc4 Be4 27.
Nc5 Bd5 28. Rc3 Rc8 29. Nd3 Rc4 30. f3 Bg5 31. Kf2 Bd2 32. Rxc4 Bxc4 33. Bc1
Bxd3 1/2-1/2

[Event "Spiltan & Pelaro IM 2006"]
[Site "?"]
[Date "2006.06.10"]
[Round "1"]
[White "Nithander, Victor"]
[Black "Åkesson, Joel"]
[Result "1/2-1/2"]
[WhiteElo "2301"]
[BlackElo "2302"]
[PlyCount "103"]
[EventDate "2006.??.??"]

1. e4 e6 2. d4 d5 3. Nd2 Nf6 4. e5 Nfd7 5. f4 c5 6. c3 Nc6 7. Ndf3 Qb6 8. g3
cxd4 9. cxd4 Be7 10. h4 a5 11. Kf2 a4 12. Kg2 a3 13. b3 Nb4 14. Rh2 Nb8 15. Kh1
Bd7 16. Bd2 Bb5 17. Bxb4 Bxb4 18. Rc1 Nc6 19. Bxb5 Qxb5 20. Ne2 O-O 21. h5 h6
22. Nc3 Bxc3 23. Rxc3 Qb6 24. Rd2 Nb4 25. Qc1 Qd8 26. Kg2 Nc6 27. Qe1 Qe7 28.
Qe2 Rac8 29. Rdc2 Na7 30. Rxc8 Rxc8 31. Rxc8+ Nxc8 32. Qc2 Na7 33. f5 exf5 34.
Qxf5 Qe6 35. Qf4 Qc6 36. g4 Qc2+ 37. Kg3 Nc6 38. g5 Qe4 39. Qxe4 dxe4 40. d5
Nb4 41. Nd4 Nxd5 42. gxh6 gxh6 43. Nc2 Nc3 44. Nxa3 Nxa2 45. Nc4 Nc1 46. b4 Na2
47. b5 Nc3 48. Nd6 e3 49. Nxb7 Nxb5 50. Kf3 f6 51. exf6 Kf7 52. Kxe3 1/2-1/2

[Event "Spiltan & Pelaro IM 2006"]
[Site "?"]
[Date "2006.06.11"]
[Round "2"]
[White "Syskov, Vjatjeslav"]
[Black "Kasparov, Sergej"]
[Result "1/2-1/2"]
[WhiteElo "2240"]
[BlackElo "2481"]
[PlyCount "80"]
[EventDate "2006.??.??"]

1. Nf3 Nf6 2. c4 c5 3. Nc3 e6 4. g3 b6 5. Bg2 Bb7 6. O-O d6 7. d4 cxd4 8. Qxd4
a6 9. Rd1 Be7 10. b3 Nbd7 11. e4 O-O 12. Ba3 Nc5 13. e5 dxe5 14. Qxd8 Rfxd8 15.
Nxe5 Bxg2 16. Kxg2 Rdc8 17. Na4 Rab8 18. Nxc5 Bxc5 19. Bxc5 Rxc5 20. Nd7 Nxd7
21. Rxd7 b5 22. cxb5 axb5 23. a4 bxa4 24. bxa4 Ra5 25. Rb1 Rf8 26. Rb4 g5 27.
h4 h6 28. hxg5 hxg5 29. Rdb7 Rfa8 30. Rb8+ Rxb8 31. Rxb8+ Kg7 32. Rb5 Rxa4 33.
Rxg5+ Kf6 34. f4 Ke7 35. Kf3 Ra3+ 36. Kf2 f6 37. Rg7+ Kd6 38. Rf7 f5 39. Rb7
Kc6 40. Rb2 Rd3 1/2-1/2

[Event "Spiltan & Pelaro IM 2006"]
[Site "?"]
[Date "2006.06.11"]
[Round "2"]
[White "Ask, Josef"]
[Black "Westerinen, Heikki"]
[Result "0-1"]
[WhiteElo "2260"]
[BlackElo "2386"]
[PlyCount "64"]
[EventDate "2006.??.??"]

1. d4 Nf6 2. Nf3 g6 3. c4 Bg7 4. Nc3 O-O 5. e4 d6 6. Be2 Bg4 7. Be3 Nc6 8. d5
Bxf3 9. Bxf3 Ne5 10. Be2 c6 11. O-O a6 12. dxc6 bxc6 13. c5 d5 14. Qa4 Neg4 15.
Bg5 Qb8 16. e5 Nxe5 17. b3 Ned7 18. Rac1 Nxc5 19. Qa3 Ne6 20. Bh4 Nd4 21. Rfe1
Qa7 22. Bd3 e6 23. Na4 Nd7 24. Qd6 Rfe8 25. Bg3 e5 26. Qa3 Bh6 27. Rcd1 e4 28.
Bb1 Nf5 29. Qb2 Nxg3 30. hxg3 e3 31. fxe3 Bxe3+ 32. Kh1 Qc7 0-1

[Event "Spiltan & Pelaro IM 2006"]
[Site "?"]
[Date "2006.06.11"]
[Round "2"]
[White "Svensson, Bengt"]
[Black "Nithander, Victor"]
[Result "1-0"]
[WhiteElo "2388"]
[BlackElo "2301"]
[PlyCount "75"]
[EventDate "2006.??.??"]

1. e4 g6 2. d4 Bg7 3. Nc3 d6 4. f4 a6 5. Nf3 b5 6. Bd3 Nd7 7. e5 c5 8. Be4 Rb8
9. O-O cxd4 10. Nxd4 dxe5 11. Nc6 Qb6+ 12. Kh1 b4 13. Nxb8 Qxb8 14. Nd5 e6 15.
Ne3 Ngf6 16. Bc6 O-O 17. Bxd7 Nxd7 18. fxe5 Nxe5 19. Ng4 Nxg4 20. Qxg4 Qb5 21.
Bd2 a5 22. c3 Bb7 23. cxb4 Bxb2 24. Rab1 a4 25. Bh6 Bg7 26. Bxg7 Kxg7 27. Qd4+
e5 28. Qd6 f6 29. Rf2 Rf7 30. Rc1 Be4 31. Rc7 Bf5 32. h3 h5 33. Kg1 h4 34. a3
Rxc7 35. Qxc7+ Kh6 36. Qd6 Qc4 37. Qxf6 Qe4 38. Rxf5 1-0

[Event "Spiltan & Pelaro IM 2006"]
[Site "?"]
[Date "2006.06.11"]
[Round "2"]
[White "Moberg, Karl Johan"]
[Black "Langrock, Hannes"]
[Result "1/2-1/2"]
[WhiteElo "2336"]
[BlackElo "2413"]
[PlyCount "36"]
[EventDate "2006.??.??"]

1. d4 e6 2. c4 b6 3. e4 Bb7 4. Nc3 Bb4 5. f3 Ne7 6. Nge2 f5 7. a3 Bxc3+ 8. Nxc3
fxe4 9. fxe4 O-O 10. Be3 d5 11. Qg4 dxe4 12. O-O-O Nf5 13. Qh3 Nd7 14. Be2 Qe7
15. Bg4 Rad8 16. Rhe1 Nf6 17. Bxf5 exf5 18. Qxf5 Ba6 1/2-1/2

[Event "Spiltan & Pelaro IM 2006"]
[Site "?"]
[Date "2006.06.11"]
[Round "2"]
[White "Åkesson, Joel"]
[Black "Sagit, Rauan"]
[Result "1/2-1/2"]
[WhiteElo "2302"]
[BlackElo "2265"]
[PlyCount "102"]
[EventDate "2006.??.??"]

1. d4 Nf6 2. Nf3 e6 3. c4 b6 4. a3 Bb7 5. Nc3 d5 6. Bg5 Be7 7. Bxf6 Bxf6 8.
cxd5 exd5 9. Qa4+ Bc6 10. Qb3 O-O 11. g3 Qd6 12. Bg2 Nd7 13. O-O Rfd8 14. Rfd1
Nf8 15. Rac1 Ne6 16. e3 Bb7 17. Ne1 c6 18. Nd3 Rac8 19. Ne2 Ba6 20. Nef4 Bxd3
21. Qxd3 Nxf4 22. gxf4 Rc7 23. b4 Qd7 24. a4 h5 25. Qe2 h4 26. h3 Qd6 27. b5 c5
28. dxc5 Rxc5 29. Rxc5 Qxc5 30. e4 d4 31. e5 Be7 32. Be4 g6 33. Qg4 Kg7 34. f5
Qxe5 35. fxg6 Rg8 36. Kf1 Kh6 37. Re1 Qf6 38. Bd3 Bd6 39. Kg2 Bc5 40. f4 Bd6
41. Qg5+ Qxg5+ 42. fxg5+ Kh5 43. gxf7 Rxg5+ 44. Kf2 Rg3 45. Re6 Bb4 46. Be2+
Kg5 47. Re8 d3 48. Rg8+ Kh6 49. Bd1 Bc5+ 50. Ke1 Bb4+ 51. Kf2 Bc5+ 1/2-1/2

[Event "Spiltan & Pelaro IM 2006"]
[Site "?"]
[Date "2006.06.12"]
[Round "3"]
[White "Langrock, Hannes"]
[Black "Syskov, Vjatjeslav"]
[Result "1-0"]
[WhiteElo "2413"]
[BlackElo "2240"]
[PlyCount "57"]

1. e4 c5 2. Nf3 e6 3. c3 Nf6 4. e5 Nd5 5. d4 cxd4 6. cxd4 d6 7. Bc4 Nb6 8. Bd3
Nc6 9. O-O Nb4 10. Be2 Be7 11. Nc3 O-O 12. a3 N4d5 13. Ne4 dxe5 14. dxe5 Bd7
15. Bd3 Rc8 16. Qe2 a6 17. Bd2 Na4 18. Rab1 h6 19. g4 Qe8 20. g5 hxg5 21. Nfxg5
g6 22. h4 Kg7 23. h5 Nc5 24. Nxc5 Rxc5 25. Kg2 Bb5 26. hxg6 Qd8 27. Rh1 Bxg5
28. Rh7+ Kg8 29. Qh5 1-0

[Event "Spiltan & Pelaro IM 2006"]
[Site "?"]
[Date "2006.06.12"]
[Round "3"]
[White "Nithander, Victor"]
[Black "Moberg, Karl Johan"]
[Result "0-1"]
[WhiteElo "2301"]
[BlackElo "2336"]
[PlyCount "76"]

1. e4 e5 2. Nf3 Nc6 3. Bb5 a6 4. Ba4 Nf6 5. O-O b5 6. Bb3 Bc5 7. c3 d6 8. a4
Bb7 9. d4 Bb6 10. Bg5 exd4 11. cxd4 h6 12. Bxf6 Qxf6 13. Bd5 O-O 14. Na3 Ra7
15. Nc2 bxa4 16. Rxa4 a5 17. Ne3 Ne7 18. Bxb7 Rxb7 19. Qd3 Rfb8 20. Nd2 c6 21.
f4 Ba7 22. b3 Rb4 23. Rxb4 Rxb4 24. Nc2 Rb5 25. Kh1 d5 26. f5 dxe4 27. Nxe4 Qh4
28. g3 Qh3 29. f6 Nd5 30. Rf2 a4 31. b4 Nxb4 32. Nxb4 Rxb4 33. fxg7 Bxd4 34.
Nf6+ Bxf6 35. Rxf6 Rb2 36. Rf2 Rxf2 37. Qd8+ Kxg7 38. Qd4+ Rf6 0-1

[Event "Spiltan & Pelaro IM 2006"]
[Site "?"]
[Date "2006.06.12"]
[Round "3"]
[White "Sagit, Rauan"]
[Black "Svensson, Bengt"]
[Result "1/2-1/2"]
[WhiteElo "2265"]
[BlackElo "2388"]
[PlyCount "71"]

1. e4 c5 2. Nf3 e6 3. d4 cxd4 4. Nxd4 Nf6 5. Nc3 d6 6. Bg5 a6 7. Qd2 h6 8. Bh4
Nxe4 9. Qf4 Ng5 10. O-O-O Be7 11. Qe3 Nh7 12. Bxe7 Qxe7 13. Be2 Nf6 14. Rhe1 e5
15. Na4 Qc7 16. Nf3 Nbd7 17. Qa3 b5 18. Nc3 Bb7 19. Qxd6 Qxd6 20. Rxd6 O-O-O
21. h3 b4 22. Na4 Kc7 23. Rdd1 Bc6 24. b3 Bxa4 25. bxa4 Ne4 26. Bc4 Nc3 27. Rd2
f6 28. a5 Nc5 29. Re3 N5e4 30. Rxd8 Rxd8 31. Rd3 Nd6 32. Nd2 Nxc4 33. Nxc4
Nxa2+ 34. Kd2 Nc3 35. Rxd8 Kxd8 36. Kd3 1/2-1/2

[Event "Spiltan & Pelaro IM 2006"]
[Site "?"]
[Date "2006.06.12"]
[Round "3"]
[White "Westerinen, Heikki"]
[Black "Åkesson, Joel"]
[Result "0-1"]
[WhiteElo "2386"]
[BlackElo "2302"]
[PlyCount "78"]

1. e4 e6 2. d4 d5 3. Nd2 Nf6 4. e5 Nfd7 5. f4 c5 6. c3 Nc6 7. Ndf3 Qb6 8. g3
cxd4 9. cxd4 Be7 10. h4 a5 11. Rh2 a4 12. a3 Qb3 13. Qxb3 axb3 14. Be3 Nb6 15.
Nd2 Na5 16. Rc1 Bd7 17. Bd3 O-O 18. Ne2 Rfc8 19. Nc3 Na4 20. Ndb1 Nc4 21. Nxa4
Rxa4 22. Bg1 b5 23. Nc3 Raa8 24. Nd1 b4 25. axb4 Bxb4+ 26. Ke2 Ra2 27. Bxc4
Rxc4 28. Rb1 Bb5 29. Kf3 Rc2 30. Ne3 Rxh2 31. Bxh2 h5 32. Nd1 Bd3 33. Rc1 Bc2
34. Ke3 Bxd1 35. Rxd1 Rxb2 36. Bg1 Rc2 37. Rb1 b2 38. Kd3 Rc3+ 39. Ke2 Ba3 0-1

[Event "Spiltan & Pelaro IM 2006"]
[Site "?"]
[Date "2006.06.12"]
[Round "3"]
[White "Kasparov, Sergej"]
[Black "Ask, Josef"]
[Result "1-0"]
[WhiteElo "2481"]
[BlackElo "2260"]
[PlyCount "115"]

1. e4 e6 2. d4 d5 3. Nd2 Nf6 4. e5 Nfd7 5. Bd3 c5 6. c3 Nc6 7. Ne2 cxd4 8. cxd4
f6 9. exf6 Qxf6 10. Nf3 h6 11. O-O Bd6 12. Ng3 O-O 13. Bc2 Rd8 14. Re1 Nf8 15.
Ne5 Bd7 16. f4 Be8 17. Be3 Rac8 18. Rc1 Qh4 19. Bd3 Rc7 20. a3 Rdc8 21. Qd2 a6
22. Rf1 Nxe5 23. dxe5 Bc5 24. Bxc5 Rxc5 25. Rxc5 Rxc5 26. Ne2 Qe7 27. b4 Rc7
28. Nd4 Bg6 29. Be2 Be4 30. Rc1 Qd7 31. h3 Qc8 32. Rxc7 Qxc7 33. Bg4 Kf7 34. h4
Ke7 35. h5 Qc4 36. Be2 Qc7 37. Qe3 Kf7 38. Kf2 Qd8 39. g3 Qc7 40. Ke1 Ke7 41.
Kd2 Kf7 42. Qc3 Qb6 43. Ke3 Nd7 44. Bg4 Nf8 45. Qc5 Qd8 46. Bd1 Bh7 47. Ba4 Bg8
48. Qa7 Qe7 49. Qb6 Bh7 50. Qd6 Qxd6 51. exd6 b5 52. Bd1 Ke8 53. a4 bxa4 54.
Bxa4+ Kd8 55. Nf3 Nd7 56. Kd4 Bf5 57. Bxd7 Kxd7 58. Kc5 1-0

[Event "Spiltan & Pelaro IM 2006"]
[Site "?"]
[Date "2006.06.13"]
[Round "4"]
[White "Moberg, Karl Johan"]
[Black "Sagit, Rauan"]
[Result "1/2-1/2"]
[WhiteElo "2336"]
[BlackElo "2265"]
[PlyCount "64"]

1. d4 Nf6 2. c4 e6 3. Nf3 b6 4. e3 Bb7 5. Bd3 d5 6. cxd5 exd5 7. Nc3 Bd6 8. O-O
O-O 9. b3 Nbd7 10. Bb2 a6 11. Rc1 Ne4 12. Ne2 Qf6 13. Qc2 Rfe8 14. Ng3 Rac8 15.
Qe2 Qe6 16. Rc2 Ndf6 17. Ne5 Bxe5 18. dxe5 Ng4 19. Nxe4 dxe4 20. Bc4 Qg6 21.
Bxa6 Bxa6 22. Qxa6 Ra8 23. Qb5 c5 24. Rd2 h6 25. Rfd1 Nxe5 26. Bxe5 Rxe5 27.
Rd6 Qg4 28. h3 Qh4 29. Qxb6 Rxa2 30. Qd8+ Qxd8 31. Rxd8+ Kh7 32. R8d5 Rxd5
1/2-1/2

[Event "Spiltan & Pelaro IM 2006"]
[Site "?"]
[Date "2006.06.13"]
[Round "4"]
[White "Svensson, Bengt"]
[Black "Westerinen, Heikki"]
[Result "1/2-1/2"]
[WhiteElo "2388"]
[BlackElo "2386"]
[PlyCount "60"]

1. e4 e6 2. d4 d5 3. Nc3 dxe4 4. Nxe4 Bd7 5. Nf3 Bc6 6. Bd3 Nd7 7. O-O Ngf6 8.
Ng3 Be7 9. Re1 Bxf3 10. Qxf3 c6 11. c3 O-O 12. Bf4 Qb6 13. Re2 c5 14. dxc5 Nxc5
15. Bc2 a5 16. Rd1 Rfd8 17. Red2 Rxd2 18. Rxd2 Rd8 19. Rxd8+ Bxd8 20. b3 Nd5
21. Be5 Bf6 22. Bxf6 Nxf6 23. Nh5 Nxh5 24. Qxh5 g6 25. Qd1 Qc7 26. g3 b6 27.
Qd2 Kf8 28. Qh6+ Kg8 29. Qd2 Kf8 30. Qh6+ Kg8 1/2-1/2

[Event "Spiltan & Pelaro IM 2006"]
[Site "?"]
[Date "2006.06.13"]
[Round "4"]
[White "Langrock, Hannes"]
[Black "Nithander, Victor"]
[Result "1/2-1/2"]
[WhiteElo "2413"]
[BlackElo "2301"]
[PlyCount "39"]

1. b3 c5 2. Bb2 Nc6 3. e3 e6 4. Nf3 a6 5. c4 Nf6 6. Be2 Be7 7. O-O O-O 8. d4
cxd4 9. Nxd4 Qc7 10. Nc3 b6 11. Rc1 Bb7 12. Bf3 Ne5 13. Bxb7 Qxb7 14. e4 Nc6
15. Nxc6 Qxc6 16. e5 Ne8 17. Qd4 f6 18. Rcd1 Rd8 19. Qe4 Qc7 20. Ne2 1/2-1/2

[Event "Spiltan & Pelaro IM 2006"]
[Site "?"]
[Date "2006.06.13"]
[Round "4"]
[White "Syskov, Vjatjeslav"]
[Black "Ask, Josef"]
[Result "1-0"]
[WhiteElo "2240"]
[BlackElo "2260"]
[PlyCount "55"]

1. e4 c5 2. Nf3 d6 3. d4 cxd4 4. Nxd4 Nf6 5. f3 a6 6. Nc3 e6 7. Be3 b5 8. g4 h6
9. Qd2 Nbd7 10. O-O-O Ne5 11. Bd3 Bb7 12. h4 b4 13. Na4 d5 14. g5 dxe4 15. gxf6
exd3 16. fxg7 Bxg7 17. Qxb4 Rb8 18. Nb6 Qc7 19. Rhg1 Bf6 20. f4 Nf3 21. Qa4+
Ke7 22. Qa3+ Ke8 23. Qa4+ Ke7 24. Nxf3 Bxf3 25. Rxd3 Rxb6 26. Bxb6 Qxb6 27.
Qd7+ Kf8 28. Qc8+ 1-0

[Event "Spiltan & Pelaro IM 2006"]
[Site "?"]
[Date "2006.06.13"]
[Round "4"]
[White "Åkesson, Joel"]
[Black "Kasparov, Sergej"]
[Result "1/2-1/2"]
[WhiteElo "2302"]
[BlackElo "2481"]
[PlyCount "129"]

1. d4 Nf6 2. Nf3 c5 3. d5 g6 4. Nc3 d6 5. e4 Bg7 6. Be2 O-O 7. O-O e6 8. dxe6
Bxe6 9. Be3 Nc6 10. Qd2 Qe7 11. Bg5 Rad8 12. Qf4 Nh5 13. Qh4 Bf6 14. Rfd1 h6
15. Bxf6 Qxf6 16. Qxf6 Nxf6 17. Rd2 d5 18. exd5 Nxd5 19. Nxd5 Rxd5 20. Rxd5
Bxd5 21. Rd1 Rd8 22. a3 Kg7 23. Kf1 f5 24. c3 Kf6 25. b4 b6 26. bxc5 bxc5 27.
Re1 Rb8 28. Rd1 Be6 29. Rd6 Rb6 30. Bb5 Ne7 31. Rxb6 axb6 32. Ke2 g5 33. g3 Nc8
34. Nd2 Nd6 35. Bd3 f4 36. gxf4 gxf4 37. Ne4+ Nxe4 38. Bxe4 Ke5 39. Bc6 Bh3 40.
Kd2 h5 41. Ke2 Bg4+ 42. Kd2 h4 43. Kd3 Bh3 44. Ke2 Bg4+ 45. Kd3 Bh5 46. Bb7 Be8
47. Kc4 Kd6 48. Kd3 Bg6+ 49. Be4 Bf7 50. Bb7 Ke5 51. Bc6 Be6 52. Bg2 Bc8 53.
Kd2 Ba6 54. Bc6 Bc4 55. Bb7 Kf5 56. Bc8+ Ke4 57. Bb7+ Ke5 58. Bc6 Ba2 59. Bb7
Bb1 60. Bc6 Be4 61. Bxe4 Kxe4 62. Ke2 f3+ 63. Kd2 h3 64. Kc2 c4 65. Kd2 1/2-1/2

[Event "Spiltan & Pelaro IM 2006"]
[Site "?"]
[Date "2006.06.14"]
[Round "5"]
[White "Ask, Josef"]
[Black "Åkesson, Joel"]
[Result "1/2-1/2"]
[WhiteElo "2260"]
[BlackElo "2302"]
[PlyCount "46"]

1. e4 e6 2. b3 d5 3. Bb2 dxe4 4. Nc3 Nf6 5. Qe2 Be7 6. O-O-O Nc6 7. Nxe4 Nxe4
8. Qxe4 Bf6 9. d4 Qd5 10. f3 O-O 11. Bc4 Qxe4 12. fxe4 e5 13. d5 Ne7 14. Nf3
Ng6 15. Rhf1 a6 16. b4 Bd7 17. Bb3 a5 18. a3 axb4 19. axb4 Be7 20. Bc3 Bd6 21.
Kb2 f6 22. g3 Bh3 23. Rf2 b5 1/2-1/2

[Event "Spiltan & Pelaro IM 2006"]
[Site "?"]
[Date "2006.06.14"]
[Round "5"]
[White "Westerinen, Heikki"]
[Black "Moberg, Karl Johan"]
[Result "1/2-1/2"]
[WhiteElo "2386"]
[BlackElo "2336"]
[PlyCount "69"]

1. e4 e5 2. Nf3 Nc6 3. Bb5 a6 4. Ba4 Nf6 5. O-O b5 6. Bb3 Bc5 7. Nxe5 Nxe5 8.
d4 Bxd4 9. Qxd4 d6 10. f4 Nc6 11. Qc3 Bb7 12. e5 Ne4 13. Qe3 Na5 14. Nd2 Nxb3
15. axb3 Nxd2 16. Bxd2 O-O 17. Bc3 dxe5 18. Qxe5 f6 19. Qe6+ Kh8 20. Rad1 Qe8
21. Qxe8 Rfxe8 22. Rd7 Rac8 23. Re1 Rxe1+ 24. Bxe1 Kg8 25. Ba5 Be4 26. c3 c6
27. Kf2 Bd5 28. b4 Re8 29. Bb6 h5 30. g3 Bc4 31. Be3 Ra8 32. Rc7 Bd5 33. Bb6
Rb8 34. Bd4 Ra8 35. Bb6 1/2-1/2

[Event "Spiltan & Pelaro IM 2006"]
[Site "?"]
[Date "2006.06.14"]
[Round "5"]
[White "Sagit, Rauan"]
[Black "Langrock, Hannes"]
[Result "0-1"]
[WhiteElo "2265"]
[BlackElo "2413"]
[PlyCount "88"]

1. e4 e6 2. d4 d5 3. Nd2 dxe4 4. Nxe4 Nd7 5. Nf3 Ngf6 6. Bd3 c5 7. O-O cxd4 8.
Nxd4 a6 9. c3 Be7 10. Qe2 O-O 11. Rd1 Qc7 12. Bc2 Re8 13. Bg5 Nxe4 14. Qxe4
Bxg5 15. Qxh7+ Kf8 16. Re1 Ne5 17. Qh8+ Ke7 18. Qh5 Bf6 19. Re4 g6 20. Qe2 Nc6
21. Nf3 Bd7 22. Re1 Rad8 23. Qe3 Kf8 24. Qh6+ Bg7 25. Qh7 e5 26. Nh4 Ne7 27.
Bb3 Bc6 28. Rg4 Bd5 29. Bc2 Be6 30. Rg3 Rd2 31. Bxg6 Nxg6 32. Nxg6+ fxg6 33.
Qxg6 Rd7 34. h4 Rf7 35. Ree3 Bf5 36. Qh5 e4 37. Rg5 Qd7 38. Reg3 Kg8 39. Qh6
Ree7 40. Rh5 Qd1+ 41. Kh2 Bg4 42. Qh7+ Kf8 43. Rg5 Re6 44. f4 Rh6 0-1

[Event "Spiltan & Pelaro IM 2006"]
[Site "?"]
[Date "2006.06.14"]
[Round "5"]
[White "Nithander, Victor"]
[Black "Syskov, Vjatjeslav"]
[Result "1-0"]
[WhiteElo "2301"]
[BlackElo "2240"]
[PlyCount "63"]

1. e4 c5 2. Nf3 e6 3. Nc3 a6 4. d4 cxd4 5. Nxd4 Qc7 6. Bd3 Nf6 7. O-O Nc6 8.
Be3 Ne5 9. Nf3 Nfg4 10. Nxe5 Nxe3 11. Qh5 Nxf1 12. Qxf7+ Kd8 13. Qh5 g6 14.
Nxg6 Rg8 15. Nxf8 Rxf8 16. Qh4+ Ke8 17. Rxf1 d6 18. e5 dxe5 19. Bxh7 Qe7 20.
Qh5+ Kd8 21. Rd1+ Bd7 22. Ne4 Rh8 23. Qxe5 Rxh7 24. Nf6 Rc8 25. Nxd7 Qxd7 26.
Rxd7+ Rxd7 27. Qf6+ Kc7 28. h4 Kd6 29. c3 Rh7 30. Qd4+ Ke7 31. Qe4 Rch8 32.
Qxb7+ 1-0

[Event "Spiltan & Pelaro IM 2006"]
[Site "?"]
[Date "2006.06.15"]
[Round "6"]
[White "Langrock, Hannes"]
[Black "Westerinen, Heikki"]
[Result "1/2-1/2"]
[WhiteElo "2413"]
[BlackElo "2386"]
[PlyCount "37"]

1. e4 e6 2. d4 d5 3. Nc3 Bb4 4. e5 Ne7 5. a3 Bxc3+ 6. bxc3 b6 7. Qg4 Ng6 8. h4
h5 9. Qg3 Ba6 10. Bxa6 Nxa6 11. Nf3 Qd7 12. a4 c5 13. O-O Rc8 14. Ba3 Qxa4 15.
Bxc5 Qb5 16. Rfb1 Qe2 17. Re1 Qb5 18. Reb1 Qe2 19. Re1 1/2-1/2

[Event "Spiltan & Pelaro IM 2006"]
[Site "?"]
[Date "2006.06.15"]
[Round "6"]
[White "Svensson, Bengt"]
[Black "Ask, Josef"]
[Result "1/2-1/2"]
[WhiteElo "2388"]
[BlackElo "2260"]
[PlyCount "28"]

1. e4 e5 2. Nf3 Nc6 3. Bb5 a6 4. Ba4 f5 5. d4 fxe4 6. Nxe5 Nf6 7. O-O Bd6 8.
Nc3 Qe7 9. Bxc6 dxc6 10. Bg5 Bf5 11. Re1 O-O-O 12. Nxe4 Bxe5 13. Ng3 Bg6 14.
Rxe5 Qb4 1/2-1/2

[Event "Spiltan & Pelaro IM 2006"]
[Site "?"]
[Date "2006.06.15"]
[Round "6"]
[White "Syskov, Vjatjeslav"]
[Black "Åkesson, Joel"]
[Result "1/2-1/2"]
[WhiteElo "2240"]
[BlackElo "2302"]
[PlyCount "51"]

1. e4 e6 2. d4 d5 3. e5 c5 4. c3 Qb6 5. Nf3 Bd7 6. a3 Nc6 7. b4 cxd4 8. cxd4
Rc8 9. Bb2 Na5 10. Nbd2 Nc4 11. Nxc4 dxc4 12. Rc1 Qa6 13. d5 exd5 14. Qxd5 Ne7
15. Qe4 b5 16. Nd4 Qg6 17. Qb7 Bc6 18. Qxa7 Qe4+ 19. Ne2 Nf5 20. f3 Qh4+ 21.
Qf2 Be7 22. g3 Qh6 23. Bg2 Ne3 24. Nf4 Nxg2+ 25. Nxg2 Rd8 26. f4 1/2-1/2

[Event "Spiltan & Pelaro IM 2006"]
[Site "?"]
[Date "2006.06.15"]
[Round "6"]
[White "Nithander, Victor"]
[Black "Sagit, Rauan"]
[Result "1/2-1/2"]
[WhiteElo "2301"]
[BlackElo "2265"]
[PlyCount "166"]

1. e4 c5 2. Nf3 d6 3. d4 cxd4 4. Nxd4 Nf6 5. Nc3 a6 6. Be2 e5 7. Nb3 Be7 8. O-O
O-O 9. Kh1 Be6 10. f4 exf4 11. Bxf4 Nc6 12. Qe1 b5 13. Rd1 Qc7 14. Nd5 Bxd5 15.
exd5 Ne5 16. Na5 Ng6 17. Be3 Rae8 18. b4 Qxc2 19. Bd3 Qc8 20. Bf5 Qa8 21. Qd2
Ne5 22. Bf4 Bd8 23. Qd4 Nh5 24. Bxe5 dxe5 25. Qc5 Bxa5 26. bxa5 Nf4 27. Rfe1
Qd8 28. d6 Qg5 29. Be4 Rc8 30. Qf2 Rfd8 31. Bb7 Rc3 32. Qb6 Ne6 33. d7 Rc2 34.
Qxa6 e4 35. Bxe4 Rxa2 36. Bd5 Rd2 37. Qc6 Qe5 38. Bf3 Qd4 39. Rxd2 Qxd2 40. Rd1
Qxa5 41. h3 Qb4 42. Bg4 Nf8 43. Qc7 Qe7 44. Rc1 Rxd7 45. Bxd7 Qxd7 46. Qb8 g6
47. Rb1 Qd4 48. Qxb5 Kg7 49. Rf1 Nd7 50. Qc6 Nf6 51. Qc7 h6 52. Rf4 Qe3 53. Kh2
g5 54. Rf3 Qe6 55. Qc3 Kg6 56. Qd4 Qe7 57. Rc3 Qe6 58. Rc5 Qe4 59. Qd6 Kg7 60.
Rc6 Qf5 61. Qd4 Kg6 62. Rd6 Kg7 63. Kg3 Kg6 64. Qd3 Qxd3+ 65. Rxd3 Kf5 66. Rf3+
Ke5 67. Re3+ Kf5 68. Re7 Nh5+ 69. Kf3 Kf6 70. Ra7 Nf4 71. Ra6+ Kg7 72. h4 Ne6
73. Kg4 Kg6 74. hxg5 hxg5 75. Ra5 f6 76. Rd5 Nf4 77. Rd2 f5+ 78. Kf3 Kf6 79.
Rd6+ Ke5 80. Rh6 g4+ 81. Kg3 Ke4 82. Rh8 Ng6 83. Rg8 Ne5 1/2-1/2

[Event "Spiltan & Pelaro IM 2006"]
[Site "?"]
[Date "2006.06.15"]
[Round "6"]
[White "Moberg, Karl Johan"]
[Black "Kasparov, Sergej"]
[Result "0-1"]
[WhiteElo "2336"]
[BlackElo "2481"]
[PlyCount "106"]

1. d4 Nf6 2. c4 c5 3. d5 b5 4. Nf3 Bb7 5. Nbd2 bxc4 6. e4 e6 7. dxe6 dxe6 8.
Bxc4 Be7 9. e5 Nfd7 10. b3 Nc6 11. Bb2 Nb6 12. Qe2 Nxc4 13. Nxc4 O-O 14. O-O
Qc7 15. Rfd1 Rfd8 16. Rxd8+ Rxd8 17. Rd1 h6 18. Rxd8+ Qxd8 19. Qd2 Nb4 20.
Qxd8+ Bxd8 21. Ba3 Nxa2 22. Bxc5 Bxf3 23. gxf3 a6 24. Kf1 f6 25. exf6 gxf6 26.
Be3 h5 27. Bd2 Be7 28. Ke2 Nb4 29. Bxb4 Bxb4 30. f4 Kf7 31. Kf3 Bc5 32. Ne3 Ba7
33. Nc2 Bc5 34. Ne3 f5 35. Nc2 Kf6 36. Ne3 Bd6 37. Nc2 e5 38. fxe5+ Kxe5 39. h3
Bc5 40. Ke2 Ke4 41. f3+ Kf4 42. Ne1 Kg3 43. Nd3 Bd6 44. Nf2 h4 45. Nd1 Bc5 46.
b4 Bxb4 47. Ne3 f4 48. Nf5+ Kxh3 49. Kd3 a5 50. Kc4 Bd2 51. Kd3 Be1 52. Ke2 Kg2
53. Kxe1 h3 0-1

[Event "Spiltan & Pelaro IM 2006"]
[Site "?"]
[Date "2006.06.16"]
[Round "7"]
[White "Åkesson, Joel"]
[Black "Svensson, Bengt"]
[Result "1/2-1/2"]
[WhiteElo "2302"]
[BlackElo "2388"]
[PlyCount "39"]

1. c4 c6 2. Nf3 d5 3. d4 Nf6 4. e3 Bf5 5. cxd5 cxd5 6. Qb3 Qc7 7. Bd2 Nc6 8.
Bb5 e6 9. O-O Bd6 10. Bb4 O-O 11. Bxc6 bxc6 12. Nbd2 Rab8 13. Bxd6 Qxd6 14. Qc3
Rfc8 15. Rfc1 Nd7 16. Nb3 f6 17. Nc5 Nxc5 18. dxc5 Qe7 19. Nd4 Bg6 20. b4
1/2-1/2

[Event "Spiltan & Pelaro IM 2006"]
[Site "?"]
[Date "2006.06.16"]
[Round "7"]
[White "Kasparov, Sergej"]
[Black "Langrock, Hannes"]
[Result "1/2-1/2"]
[WhiteElo "2481"]
[BlackElo "2413"]
[PlyCount "36"]

1. e4 e6 2. d4 d5 3. Nd2 dxe4 4. Nxe4 Nd7 5. Nf3 Ngf6 6. Bd3 c5 7. O-O cxd4 8.
Nxd4 a6 9. Nxf6+ Nxf6 10. Nf3 Bd6 11. b3 Qc7 12. Bb2 Bb4 13. c3 Bd6 14. c4 b6
15. Qe2 Bb7 16. Rfd1 Rd8 17. Ne5 O-O 18. h3 Ba8 1/2-1/2